000
00339nam a2200145Ia 4500
100
_a
Raphel/ F.C./ Niedle/ M.
650
_a
Electrical Engineering
942
_c
BK
654
_a
Electric
245
_a
Electric wiring of buildings
260
_b
Pitman Publishing
_a
London
_c
1974
082
_a
621.3
300
_a
182
546
_a
ENGLISH
999
_c
29260
_d
29260